Siglo de oro tradition and modern adolescent psychology in Pepita Jimenez : a stylistic study /

Bibliographic Details
Main Author: Lott, Robert E.
Format: Book
Language:English
Published: New York : AMS Press, 1976
Series:Studies in Romance languages and literatures ; v. 58.
Subjects:

MARC

Tag First Indicator Second Indicator Subfields
LEADER 00000cam a22000008i 4500
001 in00000476513
005 20151012164925.0
008 760319r19761958nyu b 00110 eng
010 |a  75172751  
020 |a 0404503586 
035 |a (OCoLC)02136564 
035 |9 ABZ8116AM 
040 |a DLC  |c DLC  |d TXA  |d UtOrBLW 
049 |a TXAM  |c [1434962] 
050 0 0 |a PQ6573.P43  |b L6 1976 
082 0 |a 863/.5 
100 1 |a Lott, Robert E. 
245 1 0 |a Siglo de oro tradition and modern adolescent psychology in Pepita Jimenez :  |b a stylistic study /  |c by Robert E. Lott. 
264 1 |a New York :  |b AMS Press,  |c 1976 
264 4 |c ©1958 
300 |a viii, 320 pages ;  |c ; 23 cm. 
336 |a text  |b txt  |2 rdacontent 
337 |a unmediated  |b n  |2 rdamedia 
338 |a volume  |b nc  |2 rdacarrier 
500 |a Reprint of the author's thesis, Catholic University of America, 1958, which was issued as volume 58 in Cahtolic University of America studies in Romance languages and literatures. 
500 |a Includes indexes. 
504 |a Bibliography: pages 299-307. 
600 1 0 |a Valera, Juan,  |d 1824-1905.  |t Pepita Jimenez. 
830 0 |a Studies in Romance languages and literatures ;  |v v. 58. 
999 |a MARS 
999 f f |s 3722587a-1ddc-397b-9afc-8dd13f053fce  |i e65dd02a-c94e-3ca8-9d6d-a4d8e4f04c3e  |t 0 
952 f f |p ric  |a Texas A&M University  |b Rellis Campus  |c Joint Library Facility  |d Remote Storage  |t 0  |e PQ6573.P43 L6 1976  |h Library of Congress classification  |i unmediated -- volume  |m A14803812209 
998 f f |a PQ6573.P43 L6 1976  |t 0  |l Remote Storage